| 000 | 00483nam a2200181Ia 4500 | ||
|---|---|---|---|
| 008 | 100920s9999 xx 000 0 und d | ||
| 082 |
_b99839 _a--- न 07 |
||
| 100 | _aमहाजन कविता. | ||
| 245 | _aब्र. | ||
| 260 |
_bराजहंस, पुणे. _c2007 |
||
| 300 |
_a336 _bसाधी |
||
| 365 | _b200 | ||
| 520 | _aकादंबरी. | ||
| 630 | _aब्र. | ||
| 650 | _aकादंबरी. | ||
| 730 | _aब्र. | ||
| 942 | _cBOOK | ||
| 999 |
_c740277 _d740274 |
||